00755nam a2200193 a 450000100100000000500170001000800410002704000250006808200170009310000270011024501480013726000670028530000280035249000470038065000240042765000330045170000300048483000470051400002390720200930022547.0110117s1973 ck a r 000 0 spa d aDO-SdBNPbspacBNPHU a517.8bH376v1 aHauser, Arthur A., Jr.10aVariable compleja /cArthur A. Hauser ; versión en español de Peter Ujfalussy F. ; con la colaboración de M. en C. Federico Velasco Coba. aBogotá, (Colombia) :bFondo Educativo Interamericano,c1973. a417 p. :bil. ;c28 cm.1 aFondo. Teoría y problemas con solución 4aVariables complejas 4aFuncione de varible compleja1 aUjfalussy, F. Peter,etr. 0aFondo. Teoría y problemas con solución